[Event "Niedersachsen-chT U14"]
[Site "Rotenburg"]
[Date "2000.06.17"]
[Round "4.2"]
[White "Ringel, Rene"]
[Black "Hoermann, Marc"]
[Result "1-0"]
[WhiteElo "803"]
[BlackElo "583"]
[PlyCount "59"]
[EventDate "2000.06.16"]
[EventType "team-tourn"]
[EventRounds "7"]
[EventCountry "GER"]
[SourceTitle "EXT 2003"]
[Source "ChessBase"]
[SourceDate "2002.11.25"]
[SourceVersion "1"]
[SourceVersionDate "2002.11.25"]
[SourceQuality "1"]

1. e4 e5 2. Nf3 Nc6 3. Bb5 Bc5 4. d3 d6 5. Nc3 Nf6 6. 0-0 Bg4 7. h3 Bh5 8. Bg5 h6 9. Bh4 g5 10. Bg3 g4 11. hxg4 Bxg4 12. d4 exd4 13. Ne2 Nxe4 14. Nexd4 Nxg3 15. Re1+ Be6 16. Nxe6 Qd7 17. Nxc5+ Qe7 18. Rxe7+ Kxe7 19. Nxb7 Rab8 20. Bxc6 Nf5 21. Qe2+ Kf6 22. b3 Rhg8 23. Na5 Rg7 24. Nc4 Rbg8 25. Nfd2 Nh4 26. g3 Rxg3+ 27. fxg3 Rxg3+ 28. Kh2 Rg2+ 29. Bxg2 Nxg2 30. Qxg2 1-0

[Event "Niedersachsen-chT U14"]
[Site "Rotenburg"]
[Date "2000.06.16"]
[Round "1.2"]
[White "Hoermann, Marc"]
[Black "Laux, Benjamin"]
[Result "0-1"]
[WhiteElo "583"]
[BlackElo "1186"]
[PlyCount "42"]
[EventDate "2000.06.16"]
[EventType "team-tourn"]
[EventRounds "7"]
[EventCountry "GER"]
[SourceTitle "EXT 2003"]
[Source "ChessBase"]
[SourceDate "2002.11.25"]
[SourceVersion "1"]
[SourceVersionDate "2002.11.25"]
[SourceQuality "1"]

1. d4 d5 2. Bf4 Bf5 3. e3 Nf6 4. Nc3 e6 5. Bd3 Bg6 6. Nf3 Bd6 7. Ne5 Bxe5 8. Bxe5 Nc6 9. Bb5 0-0 10. Bxc6 bxc6 11. Qf3 Bxc2 12. Bxf6 Qxf6 13. Qxf6 gxf6 14. g4 e5 15. dxe5 fxe5 16. h4 d4 17. exd4 exd4 18. Ne2 Rfe8 19. Rc1 d3 20. f4 Rxe2+ 21. Kf1 Rae8 0-1